000 00345nam a22001337a 4500
020 _a9781909489424
040 _cNUST
082 _a813.6
_bDAS
100 _aJames Dashner
_9129030
245 _aThe Death Cure
260 _aNew York:
_bChicken House,
_c2013.
650 _aBook 3 in th bestselling Maze Runner series
_9129032
942 _2ddc
_cBK
999 _c613777
_d613777